Compendio legislación afrocolombiana : (Registro nro. 7289)
[ vista simple ]
| 000 -LEADER | |
|---|---|
| fixed length control field | 01327nam a22002897a 4500 |
| 003 - CONTROL NUMBER IDENTIFIER | |
| control field | OSt |
| 005 - DATE AND TIME OF LATEST TRANSACTION | |
| control field | 20210305152449.0 |
| 008 - FIXED-LENGTH DATA ELEMENTS--GENERAL INFORMATION | |
| fixed length control field | 210223s2014 ck ||||fr|||| 00| 0 spa d |
| 020 ## - INTERNATIONAL STANDARD BOOK NUMBER | |
| International Standard Book Number | 9789585842601 |
| 040 ## - CATALOGING SOURCE | |
| Original cataloging agency | CO-JMCR |
| Transcribing agency | CO-JMCR |
| 041 0# - LANGUAGE CODE | |
| Language code of text/sound track or separate title | spa |
| 082 04 - DEWEY DECIMAL CLASSIFICATION NUMBER | |
| Classification number | 323.1986 / |
| Item number | C718c |
| Edition number | 23 |
| 110 1# - MAIN ENTRY--CORPORATE NAME | |
| Corporate name or jurisdiction name as entry element | Colombia. |
| Subordinate unit | Ministerio del Interior |
| 9 (RLIN) | 3663 |
| 240 10 - UNIFORM TITLE | |
| Uniform title | Leyes, etc. |
| 245 10 - TITLE STATEMENT | |
| Title | Compendio legislación afrocolombiana : |
| Remainder of title | autos de la Corte Constitucional / |
| Statement of responsibility, etc. | Colombia ; compilado por Alexandra Córdoba Monroy y Luis E. Prada P. |
| 260 ## - PUBLICATION, DISTRIBUTION, ETC. | |
| Place of publication, distribution, etc. | Bogotá : |
| Name of publisher, distributor, etc. | Ministerio del Interior, |
| Date of publication, distribution, etc. | 2008 |
| 300 ## - PHYSICAL DESCRIPTION | |
| Extent | 727 páginas ; |
| Dimensions | 24 cm. |
| 500 ## - GENERAL NOTE | |
| General note | Incluye notas a pie de página. |
| 504 ## - BIBLIOGRAPHY, ETC. NOTE | |
| Bibliography, etc. note | Bibliografía: páginas [799]-800 |
| 505 0# - FORMATTED CONTENTS NOTE | |
| Formatted contents note | Constitución política -- Espacios de participación -- Normatividad sobre territorio -- Normatividad sobre recursos naturales y mineros -- Normatividad sobre educación -- Declaraciones, pactos y convenios internacionales -- Extractos de jurisprudencia -- Autos y sentencias |
| 650 14 - SUBJECT ADDED ENTRY--TOPICAL TERM | |
| Topical term or geographic name entry element | Afrocolombianos |
| General subdivision | legislación |
| Geographic subdivision | Colombia |
| 9 (RLIN) | 13799 |
| 650 24 - SUBJECT ADDED ENTRY--TOPICAL TERM | |
| Topical term or geographic name entry element | Derechos humanos |
| Geographic subdivision | Colombia |
| 9 (RLIN) | 8250 |
| 650 24 - SUBJECT ADDED ENTRY--TOPICAL TERM | |
| Topical term or geographic name entry element | Derechos de las minorías |
| Geographic subdivision | Colombia |
| 9 (RLIN) | 13800 |
| 700 1# - ADDED ENTRY--PERSONAL NAME | |
| Personal name | Córdoba Monroy, Alexandra, |
| Relator term | compiladora |
| 9 (RLIN) | 13801 |
| 700 1# - ADDED ENTRY--PERSONAL NAME | |
| Personal name | Prada P., Luis E, |
| Relator term | compilador |
| 9 (RLIN) | 13802 |
| 942 ## - ADDED ENTRY ELEMENTS (KOHA) | |
| Source of classification or shelving scheme | Dewey Decimal Classification |
| Koha item type | Books |
| Withdrawn status | Lost status | Source of classification or shelving scheme | Damaged status | Not for loan | Collection code | Home library | Current library | Date acquired | Source of acquisition | Full call number | Barcode | Date last seen | Copy number | Price effective from | Koha item type | Total Checkouts |
|---|---|---|---|---|---|---|---|---|---|---|---|---|---|---|---|---|
| Dewey Decimal Classification | Non-fiction | Biblioteca Pública José María del Castillo y Rada | Biblioteca Pública José María del Castillo y Rada | 10/02/2020 | Donación | 323.1986 / C718c | 201810561 | 05/16/2024 | Ej.1 | 02/23/2021 | Books | |||||
| Dewey Decimal Classification | Non-fiction | Biblioteca Pública José María del Castillo y Rada | Biblioteca Pública José María del Castillo y Rada | Donación | 323.1986 / C718c | 201810702 | 05/16/2024 | Ej.2 | Books |